Quel feat n'existe pas - Statistiques

Statistiques générales
  • Ce quiz a été pris 198 fois
  • Le résultat moyen est 7 sur 15
Statistiques - réponses
Question Réponse % Correct
SCH Booba
81%
Naps Zola
69%
Sadek Mister V
63%
Da Uzi Uzi
63%
Sofiane Freeze Corleone
56%
ISK Larry
56%
Booba SCH
56%
Freeze Corleone Alonzo
44%
Soso Maness Koba LaD
44%
Sasso SCH
38%
Ninho RK
31%
Guizmo Booba
25%
Koba LaD Chicaille Argenté
19%
RK ISK
19%
Zola Koba LaD
19%
Aucun quiz correspondant
Distribution des résultats
% des personnes avec chaque résultat
Percentile par nombre de réponses
Votre historique - résultats
Vous n’avez pas pris ce quiz